| 000 | 00393nam a22001457a 4500 | ||
|---|---|---|---|
| 005 | 20240315145710.0 | ||
| 008 | 240315b ||||| |||| 00| 0 eng d | ||
| 040 | _cAL | ||
| 041 | _aeng | ||
| 082 |
_223 _a331 _bINDU |
||
| 245 | _aIndustrial Relations at MMJ Plantations Palai Kerala | ||
| 260 |
_aMangalore _bSt Aloysius College _c2002 |
||
| 700 |
_aTHOMAS (Arun) _9154722 |
||
| 942 |
_2ddc _cPRO |
||
| 999 |
_c230410 _d230410 |
||